000 00268nam a2200109Ia 4500
008 190802s9999 xx 000 0 und d
100 _aWilliam G.Zikmand
245 0 _aBusiness Research Methods
260 _aIndia
_bMcGraw Hill
_c2016
300 _a670:p
942 _cBK
999 _c2146
_d2146